| 000 | 01054nam a22002657a 4500 | ||
|---|---|---|---|
| 999 |
_c5650 _d5650 |
||
| 003 | AR-CdUCM | ||
| 008 | 190313b ||||| |||| 00| 0 spa d | ||
| 040 |
_aMUNICIPALIDAD PROVINCIAL DEL CUSCO _cBIBLIOTECA MUNICIPAL DEL CUSCO |
||
| 041 | _hita | ||
| 082 |
_25ed. _a335.4 / _bC91 |
||
| 100 |
_aCroce, Benedetto _94975 |
||
| 245 | _aMaterialismo Histórico y Economía Marxista / | ||
| 260 |
_aBuenos Aires : _bEdiciones Imán ; _c1942. |
||
| 300 |
_a318 páginas ; _c21cm |
||
| 440 |
_aColección Panorama de la Filosofía y de la Cultura _916869 |
||
| 505 | _aContenido: Forma científica del materialismo histórico -- Las teorías históricas del profesor Loria -- Interpretación y crítica de algunos conceptos marxistas -- El libro del profesor Rudolf Stammler -- Marxismo y economía pura... | ||
| 650 |
_aMarxismo _924 |
||
| 650 |
_aSocialismo _9640 |
||
| 650 |
_aComunismo _9495 |
||
| 650 |
_aFilosofía _9395 |
||
| 650 |
_aEconomía _9382 |
||
| 700 |
_aCaletti, Oberdan (traducción) _916870 |
||
| 942 |
_2ddc _cLIBROS |
||
| 945 | _anom | ||